The trouble with GMP (Record no. 60242)

MARC details
000 -LEADER
fixed length control field 00696cam a2200181 4500
001 - CONTROL NUMBER
control field ABS61320
008 - FIXED-LENGTH DATA ELEMENTS--GENERAL INFORMATION
fixed length control field 000000n1999 000 0 eng u
035 ## - SYSTEM CONTROL NUMBER
System control number (Sirsi) u100855
100 ## - MAIN ENTRY--PERSONAL NAME
Personal name Patterson, L.
245 #4 - TITLE STATEMENT
Title The trouble with GMP
260 ## - PUBLICATION, DISTRIBUTION, ETC.
Date of publication, distribution, etc. 1999
490 ## - SERIES STATEMENT
Series statement Building
Volume/sequential designation 264(8104) 17 September 1999, 84(1)
520 ## - SUMMARY, ETC.
Summary, etc. Considers the pros and cons of guaranteed maximum price (GMP). States that the price in a GMP contract should be flexible, that it is affected by the specificity of the outline design, and that a GMP is not all-inclusive.
590 ## - LOCAL NOTE (RLIN)
Local note ABS
650 ## - SUBJECT ADDED ENTRY--TOPICAL TERM
Topical term or geographic name entry element GUARANTEED MAXIMUM PRICE CONTRACTS
690 ## - LOCAL SUBJECT ADDED ENTRY--TOPICAL TERM (OCLC, RLIN)
Topical term or geographic name as entry element BUILT ENVIRONMENT-BUILDING CONTRACT FORMS
942 ## - ADDED ENTRY ELEMENTS (KOHA)
Suppress in OPAC 0
Holdings
Withdrawn status Lost status Source of classification or shelving scheme Damaged status Not for loan Home library Current library Shelving location Date acquired Total Checkouts Full call number Barcode Date last seen Copy number Price effective from Koha item type
    Dewey Decimal Classification     London London Journal article 26/10/1999   ABS61320 100855-1001 06/08/2019 1 06/08/2019 Journal article